000 00425nam a2200181Ia 4500
008 240729s9999 xx 000 0 und d
022 _a2673-7264
245 0 _aThermo
260 _aSwitzerland
260 _bMDPI AG
650 _a Heat
650 _a Physics
650 _a Thermodynamics
650 _aScience
856 _uhttps://doaj.org/toc/3c59fd80dbdb4f678f1e9701d13a89ea
942 _2ddc
942 _cDOAJEJ
999 _c70399
_d70399
945 _a1
_bMadushi Gamage
_c1
_dMadushi Gamage